| 000 | 00400cam a2200157ua 4500 | ||
|---|---|---|---|
| 003 | OSt | ||
| 008 | 250812b |||||||| |||| 00| 0 eng d | ||
| 041 | _aeng | ||
| 082 |
_a627.0951 _bQIA/WA |
||
| 100 |
_aQian, Zlengying . _97712 |
||
| 245 | _aWater resources developement in China / | ||
| 250 | _a1 / | ||
| 260 |
_aChina : _bChina water & Power Press , _c1994. |
||
| 300 | _a697 ; . | ||
| 942 | _cBK | ||
| 999 |
_c3191 _d3191 |
||